[Event "Maringa op 4th"]
[Site "Maringa"]
[Date "2014.08.23"]
[Round "7"]
[White "Supi, Luis Paulo"]
[Black "Caetano, Hugo Zanotti Mendon"]
[Result "1/2-1/2"]
[WhiteElo "2355"]
[BlackElo "2190"]
[PlyCount "61"]
[EventDate "2014.08.20"]
[EventType "swiss"]
[EventRounds "9"]
[EventCountry "BRA"]
[SourceTitle "EXT 2015"]
[Source "ChessBase"]
[SourceDate "2014.11.20"]
[SourceVersion "1"]
[SourceVersionDate "2014.11.20"]
[SourceQuality "1"]

1. e4 c5 2. Nc3 Nc6 3. Bb5 g6 4. Bxc6 dxc6 5. d3 Bg7 6. Nf3 Bg4 7. h3 Bxf3 8.
Qxf3 Nf6 9. Qe2 e5 10. Be3 Nd7 11. O-O Qe7 12. f4 exf4 13. Bxf4 Be5 14. Kh1 O-O
15. Rae1 f6 16. Qg4 Bxf4 17. Rxf4 Ne5 18. Qg3 Rad8 19. Qf2 b6 20. Rf1 Kg7 21.
b3 Rf7 22. Ne2 Rdf8 23. g4 Qd7 24. Qg3 h6 25. Qg2 a5 26. Ng3 Qc8 27. Kh2 Qc7
28. Kg1 Qd8 29. Qe2 Qd4+ 30. Kg2 Qd7 31. Qf2 1/2-1/2

[Event "Maringa op 4th"]
[Site "Maringa"]
[Date "2014.08.23"]
[Round "8"]
[White "Carneiro, Vitor Roberto Castr"]
[Black "Supi, Luis Paulo"]
[Result "1/2-1/2"]
[WhiteElo "2245"]
[BlackElo "2355"]
[PlyCount "36"]
[EventDate "2014.08.20"]
[EventType "swiss"]
[EventRounds "9"]
[EventCountry "BRA"]
[SourceTitle "EXT 2015"]
[Source "ChessBase"]
[SourceDate "2014.11.20"]
[SourceVersion "1"]
[SourceVersionDate "2014.11.20"]
[SourceQuality "1"]

1. f4 c5 2. Nf3 g6 3. e3 Bg7 4. d4 Nf6 5. c3 O-O 6. Bd3 d6 7. dxc5 dxc5 8. e4
c4 9. Bc2 Qxd1+ 10. Kxd1 Bg4 11. Nbd2 Rc8 12. h3 Bd7 13. Ke2 Nh5 14. Nf1 Bh6
15. g3 Nc6 16. f5 Bxc1 17. Rxc1 e6 18. g4 Nf4+ 1/2-1/2

[Event "Brasilia Terra Viva op"]
[Site "Brasilia"]
[Date "2014.09.19"]
[Round "1"]
[White "Supi, Luis Paulo"]
[Black "Campos, Westerley Batista"]
[Result "1-0"]
[WhiteElo "2357"]
[BlackElo "1725"]
[PlyCount "55"]
[EventDate "2014.09.19"]
[EventType "swiss"]
[EventRounds "6"]
[EventCountry "BRA"]
[SourceTitle "CBM 162 Extra"]
[Source "ChessBase"]
[SourceDate "2014.10.17"]
[SourceVersion "1"]
[SourceVersionDate "2014.10.17"]
[SourceQuality "1"]

1. e4 c5 2. Nf3 d6 3. d4 cxd4 4. Qxd4 Nc6 5. Bb5 Bd7 6. Bxc6 Bxc6 7. Nc3 Nf6 8.
Bg5 e6 9. O-O-O Be7 10. Kb1 h6 11. Bh4 O-O 12. Rhe1 a6 13. Ka1 Rc8 14. Qd3 b5
15. Nd4 Bb7 16. f3 d5 17. Bxf6 Bxf6 18. e5 Be7 19. Nce2 Qc7 20. f4 Qc4 21. Qh3
Rce8 22. g4 Qc8 23. Qh5 f6 24. exf6 Bxf6 25. g5 Bxd4 26. Nxd4 Rxf4 27. gxh6 Qd8
28. Nxe6 1-0

[Event "Brasilia Terra Viva op"]
[Site "Brasilia"]
[Date "2014.09.19"]
[Round "2"]
[White "Abreu, Nilton Silva"]
[Black "Supi, Luis Paulo"]
[Result "0-1"]
[WhiteElo "2044"]
[BlackElo "2357"]
[PlyCount "62"]
[EventDate "2014.09.19"]
[EventType "swiss"]
[EventRounds "6"]
[EventCountry "BRA"]
[SourceTitle "CBM 162 Extra"]
[Source "ChessBase"]
[SourceDate "2014.10.17"]
[SourceVersion "1"]
[SourceVersionDate "2014.10.17"]
[SourceQuality "1"]

1. e4 c5 2. Nf3 e6 3. d4 cxd4 4. Nxd4 a6 5. Be2 Nf6 6. Bf3 Qc7 7. O-O Nc6 8.
Nxc6 bxc6 9. c4 d6 10. Nc3 Be7 11. Be3 Rb8 12. b3 c5 13. Qd3 Nd7 14. Bf4 Ne5
15. Bxe5 dxe5 16. Rad1 O-O 17. Qe3 Bb7 18. Rd3 Rbd8 19. Rfd1 h6 20. Na4 Rd4 21.
g3 Rfd8 22. h4 f5 23. Rxd4 exd4 24. Qd3 f4 25. Kg2 Qe5 26. Re1 h5 27. Nb2 fxg3
28. fxg3 Bd6 29. Bd1 Rf8 30. Bc2 g5 31. Rh1 Bxe4+ 0-1

[Event "Brasilia Terra Viva op"]
[Site "Brasilia"]
[Date "2014.09.20"]
[Round "4"]
[White "El Debs, Felipe de Cresce"]
[Black "Supi, Luis Paulo"]
[Result "1/2-1/2"]
[WhiteElo "2522"]
[BlackElo "2357"]
[PlyCount "89"]
[EventDate "2014.09.19"]
[EventType "swiss"]
[EventRounds "6"]
[EventCountry "BRA"]
[SourceTitle "CBM 162 Extra"]
[Source "ChessBase"]
[SourceDate "2014.10.17"]
[SourceVersion "1"]
[SourceVersionDate "2014.10.17"]
[SourceQuality "1"]

1. d4 Nf6 2. c4 g6 3. Nc3 Bg7 4. e4 d6 5. Nf3 O-O 6. Be2 e5 7. Be3 Nbd7 8. O-O
Qe7 9. Qc2 c6 10. Rfe1 h6 11. h3 exd4 12. Bxd4 Ne5 13. Rad1 g5 14. Nxe5 dxe5
15. Be3 Be6 16. Rd2 Rfd8 17. Red1 Rxd2 18. Rxd2 Bf8 19. Na4 b6 20. a3 Qb7 21.
b4 Be7 22. Rd1 Rc8 23. c5 b5 24. Nb2 a5 25. Bc1 a4 26. Qc3 Qc7 27. Bf3 Rd8 28.
Rxd8+ Bxd8 29. Nd3 Nd7 30. Bg4 Bxg4 31. hxg4 Bf6 32. Bb2 Nf8 33. g3 Qd7 34. f3
Ne6 35. Qc2 Qc7 36. f4 gxf4 37. gxf4 Qd8 38. Nxe5 Nxf4 39. Nxc6 Qc8 40. Bxf6
Qxg4+ 41. Kf1 Qf3+ 42. Qf2 Qd1+ 43. Qe1 Qf3+ 44. Qf2 Qd1+ 45. Qe1 1/2-1/2

[Event "Brasilia Terra Viva op"]
[Site "Brasilia"]
[Date "2014.09.21"]
[Round "5"]
[White "Matsuura, Everaldo"]
[Black "Supi, Luis Paulo"]
[Result "1/2-1/2"]
[WhiteElo "2477"]
[BlackElo "2357"]
[PlyCount "28"]
[EventDate "2014.09.19"]
[EventType "swiss"]
[EventRounds "6"]
[EventCountry "BRA"]
[SourceTitle "CBM 162 Extra"]
[Source "ChessBase"]
[SourceDate "2014.10.17"]
[SourceVersion "1"]
[SourceVersionDate "2014.10.17"]
[SourceQuality "1"]

1. e4 c5 2. Nf3 e6 3. d3 Nc6 4. g3 g6 5. Bg2 Bg7 6. O-O Nge7 7. Re1 d6 8. c3 e5
9. d4 exd4 10. cxd4 Nxd4 11. Nxd4 cxd4 12. Na3 O-O 13. Bf4 Nc6 14. Qd2 Re8
1/2-1/2

[Event "Brasilia Terra Viva op"]
[Site "Brasilia"]
[Date "2014.09.21"]
[Round "6"]
[White "Supi, Luis Paulo"]
[Black "Nascimento, Davi da Silva"]
[Result "1-0"]
[WhiteElo "2357"]
[BlackElo "2077"]
[PlyCount "53"]
[EventDate "2014.09.19"]
[EventType "swiss"]
[EventRounds "6"]
[EventCountry "BRA"]
[SourceTitle "CBM 162 Extra"]
[Source "ChessBase"]
[SourceDate "2014.10.17"]
[SourceVersion "1"]
[SourceVersionDate "2014.10.17"]
[SourceQuality "1"]

1. e4 c6 2. d4 d5 3. e5 Bf5 4. h4 h6 5. g4 Be4 6. f3 Bh7 7. e6 fxe6 8. Bd3 Qd6
9. Bxh7 Rxh7 10. Qd3 Rh8 11. Ne2 e5 12. dxe5 Qxe5 13. Qg6+ Kd8 14. c4 e6 15.
Nbc3 Nd7 16. Bf4 Qf6 17. Qd3 Bb4 18. Bg3 Ne5 19. Bxe5 Qxe5 20. O-O Ne7 21. f4
Qc7 22. f5 e5 23. cxd5 cxd5 24. Rac1 Bxc3 25. Nxc3 d4 26. Rfe1 Nc6 27. Ne4 1-0

[Event "Mercosur Cup 18th"]
[Site "Buenos Aires"]
[Date "2014.10.06"]
[Round "1"]
[White "Supi, Luis Paulo"]
[Black "Villanueva, Mario Nicolas"]
[Result "1-0"]
[WhiteElo "2384"]
[BlackElo "2438"]
[PlyCount "117"]
[EventDate "2014.10.06"]
[EventType "tourn"]
[EventRounds "9"]
[EventCountry "ARG"]
[EventCategory "7"]
[SourceTitle "EXT 2015"]
[Source "ChessBase"]
[SourceDate "2014.11.20"]
[SourceVersion "1"]
[SourceVersionDate "2014.11.20"]
[SourceQuality "1"]

1. d4 Nf6 2. c4 e6 3. Nf3 d5 4. Nc3 Bb4 5. Bg5 Nbd7 6. cxd5 exd5 7. e3 O-O 8.
Bd3 c5 9. O-O c4 10. Nxd5 Qa5 11. Nxb4 Qxb4 12. a3 Qb5 13. Be2 Ne4 14. Bh4 Qxb2
15. Bxc4 Nb6 16. Ra2 Qc3 17. Bd3 f5 18. Be7 Re8 19. Rc2 Qa5 20. Bb4 Qd5 21. Ne5
Be6 22. f3 Nf6 23. Rc5 Qd8 24. Bb5 Nfd7 25. Nxd7 Bxd7 26. Qd3 Rc8 27. Rxc8 Qxc8
28. Bxd7 Qxd7 29. e4 Qe6 30. d5 Qe5 31. d6 fxe4 32. fxe4 Nd7 33. Qc4+ Qe6 34.
Qxe6+ Rxe6 35. Rc1 a5 36. Bxa5 Rxd6 37. Rc7 b6 38. Bc3 Kf7 39. Kf2 g6 40. Ke3
Ke6 41. Bb4 Rd1 42. Rc6+ Kf7 43. Rd6 Rxd6 44. Bxd6 Ke6 45. Bc7 b5 46. Kd4 Nf6
47. Bf4 Nd7 48. Bc7 Nf6 49. h3 h5 50. h4 Ng4 51. Kc5 Nf2 52. Kxb5 Kd7 53. Bh2
Nxe4 54. a4 Nc3+ 55. Kb4 Nd5+ 56. Kc5 Ne3 57. a5 Kc8 58. a6 Nxg2 59. Kc6 1-0

[Event "Mercosur Cup 18th"]
[Site "Buenos Aires"]
[Date "2014.10.07"]
[Round "2"]
[White "Krysa, Leandro Sergio"]
[Black "Supi, Luis Paulo"]
[Result "0-1"]
[WhiteElo "2446"]
[BlackElo "2384"]
[PlyCount "58"]
[EventDate "2014.10.06"]
[EventType "tourn"]
[EventRounds "9"]
[EventCountry "ARG"]
[EventCategory "7"]
[SourceTitle "EXT 2015"]
[Source "ChessBase"]
[SourceDate "2014.11.20"]
[SourceVersion "1"]
[SourceVersionDate "2014.11.20"]
[SourceQuality "1"]

1. d4 Nf6 2. c4 g6 3. Nc3 Bg7 4. e4 d6 5. Be2 O-O 6. Bg5 c5 7. d5 h6 8. Bf4 e6
9. dxe6 Bxe6 10. Bxd6 Re8 11. e5 Nfd7 12. f4 Nc6 13. Nf3 g5 14. Qc2 g4 15. Nd2
Nd4 16. Qd1 f6 17. O-O fxe5 18. fxe5 Nxe5 19. Bxe5 Bxe5 20. Bxg4 Qh4 21. h3 Qg3
22. Bxe6+ Kh8 23. Nf3 Nxf3+ 24. Rxf3 Qh2+ 25. Kf1 Rxe6 26. Qd5 Rg6 27. Rf5 Bxc3
28. bxc3 Qh1+ 29. Kf2 Qxa1 0-1

[Event "Mercosur Cup 18th"]
[Site "Buenos Aires"]
[Date "2014.10.08"]
[Round "3"]
[White "Supi, Luis Paulo"]
[Black "Valerga, Diego"]
[Result "1/2-1/2"]
[WhiteElo "2384"]
[BlackElo "2468"]
[PlyCount "79"]
[EventDate "2014.10.06"]
[EventType "tourn"]
[EventRounds "9"]
[EventCountry "ARG"]
[EventCategory "7"]
[SourceTitle "EXT 2015"]
[Source "ChessBase"]
[SourceDate "2014.11.20"]
[SourceVersion "1"]
[SourceVersionDate "2014.11.20"]
[SourceQuality "1"]

1. d4 Nf6 2. c4 g6 3. Nc3 Bg7 4. e4 d6 5. h3 O-O 6. Bg5 c5 7. d5 e6 8. Bd3 exd5
9. cxd5 h6 10. Be3 Re8 11. Nge2 Nbd7 12. O-O a6 13. a4 Ne5 14. Ng3 Nxd3 15.
Qxd3 Bd7 16. f4 b5 17. e5 c4 18. Qd2 b4 19. exf6 bxc3 20. bxc3 Qxf6 21. Bd4 Qh4
22. Rf3 f5 23. Bxg7 Kxg7 24. Qd4+ Qf6 25. Qxc4 Rac8 26. Qd3 Rc5 27. Ne2 a5 28.
Nd4 Rxd5 29. Re3 Rc5 30. Rae1 Rcc8 31. Rxe8 Rxe8 32. Rxe8 Bxe8 33. Nb5 d5 34.
Qxd5 Bxb5 35. Qb7+ Kf8 36. axb5 Qxc3 37. Qb8+ Ke7 38. b6 a4 39. Qa7+ Kd6 40.
Qxa4 1/2-1/2

[Event "Mercosur Cup 18th"]
[Site "Buenos Aires"]
[Date "2014.10.09"]
[Round "4"]
[White "Pichot, Alan"]
[Black "Supi, Luis Paulo"]
[Result "0-1"]
[WhiteElo "2473"]
[BlackElo "2384"]
[PlyCount "62"]
[EventDate "2014.10.06"]
[EventType "tourn"]
[EventRounds "9"]
[EventCountry "ARG"]
[EventCategory "7"]
[SourceTitle "EXT 2015"]
[Source "ChessBase"]
[SourceDate "2014.11.20"]
[SourceVersion "1"]
[SourceVersionDate "2014.11.20"]
[SourceQuality "1"]

1. e4 c5 2. Nf3 e6 3. d4 cxd4 4. Nxd4 Nc6 5. Nc3 Qc7 6. Be2 a6 7. O-O Nf6 8.
Kh1 Nxd4 9. Qxd4 Bc5 10. Qd3 b5 11. f4 Bb7 12. a3 h5 13. Be3 h4 14. Bf3 h3 15.
g3 d5 16. e5 Bxe3 17. Qxe3 d4 18. Qxd4 Bxf3+ 19. Rxf3 Rd8 20. Qf2 Ng4 21. Qe2
Qc6 22. Ne4 Rd4 23. Re1 Ke7 24. Kg1 Rhd8 25. Nd6 Qc5 26. Kf1 Qd5 27. Ne4 Rxe4
28. Qxe4 Nxh2+ 29. Kf2 Ng4+ 30. Kf1 Qxe4 31. Rxe4 h2 0-1

[Event "Mercosur Cup 18th"]
[Site "Buenos Aires"]
[Date "2014.10.10"]
[Round "5"]
[White "Supi, Luis Paulo"]
[Black "Della Morte, German"]
[Result "0-1"]
[WhiteElo "2384"]
[BlackElo "2384"]
[PlyCount "104"]
[EventDate "2014.10.06"]
[EventType "tourn"]
[EventRounds "9"]
[EventCountry "ARG"]
[EventCategory "7"]
[SourceTitle "EXT 2015"]
[Source "ChessBase"]
[SourceDate "2014.11.20"]
[SourceVersion "1"]
[SourceVersionDate "2014.11.20"]
[SourceQuality "1"]

1. d4 d5 2. c4 c6 3. Nc3 Nf6 4. Nf3 dxc4 5. a4 Bf5 6. Nh4 Bd7 7. e4 e6 8. Bxc4
Nxe4 9. Nxe4 Qxh4 10. Qf3 Bb4+ 11. Kf1 h6 12. g4 O-O 13. Rg1 e5 14. g5 Bh3+ 15.
Ke2 h5 16. g6 Be6 17. gxf7+ Bxf7 18. Qd3 Bxc4 19. Qxc4+ Kh8 20. Qd3 Be7 21. Rg2
Nd7 22. Bg5 Bxg5 23. Nxg5 e4 24. Qg3 Qxg3 25. hxg3 Nf6 26. Rh1 Rae8 27. g4 g6
28. gxh5 Nxh5 29. Ke3 Kg7 30. Rxh5 gxh5 31. Ne6+ Kf6 32. Nxf8 Rxf8 33. Kxe4
Re8+ 34. Kf3 Re1 35. Rh2 Kg5 36. Rg2+ Kh6 37. Kf4 Re2 38. Kf5 Rxb2 39. Rg6+ Kh7
40. Kg5 Rxf2 41. Rd6 Kg7 42. Kxh5 Kf8 43. Rd8+ Ke7 44. Rb8 Rb2 45. Kg5 Kd7 46.
Kf5 Kc7 47. Ra8 Kb6 48. Ke5 Ra2 49. d5 cxd5 50. Kxd5 Rxa4 51. Rh8 a5 52. Rh1
Rb4 0-1

[Event "Mercosur Cup 18th"]
[Site "Buenos Aires"]
[Date "2014.10.12"]
[Round "6"]
[White "Supi, Luis Paulo"]
[Black "Saldano Dayer, Horacio"]
[Result "1/2-1/2"]
[WhiteElo "2384"]
[BlackElo "2474"]
[PlyCount "56"]
[EventDate "2014.10.06"]
[EventType "tourn"]
[EventRounds "9"]
[EventCountry "ARG"]
[EventCategory "7"]
[SourceTitle "EXT 2015"]
[Source "ChessBase"]
[SourceDate "2014.11.20"]
[SourceVersion "1"]
[SourceVersionDate "2014.11.20"]
[SourceQuality "1"]

1. e4 c5 2. Nf3 Nc6 3. Nc3 g6 4. d4 cxd4 5. Nxd4 Bg7 6. Be3 Nf6 7. Bc4 O-O 8.
Bb3 a5 9. a4 Ng4 10. Qxg4 Nxd4 11. Qh4 Nxb3 12. cxb3 Bf6 13. Bg5 Bxg5 14. Qxg5
d6 15. Nd5 Be6 16. Nxe7+ Kg7 17. Nf5+ Bxf5 18. Qxd8 Raxd8 19. exf5 Rfe8+ 20.
Kd2 Re5 21. fxg6 Rd5+ 22. Ke3 Re8+ 23. Kf4 Rd4+ 24. Kg3 Rd3+ 25. f3 hxg6 26.
Rhd1 Rxb3 27. Rd2 Re5 28. Ra3 Rxa3 1/2-1/2

[Event "Mercosur Cup 18th"]
[Site "Buenos Aires"]
[Date "2014.10.13"]
[Round "7"]
[White "Slipak, Sergio"]
[Black "Supi, Luis Paulo"]
[Result "1/2-1/2"]
[WhiteElo "2420"]
[BlackElo "2384"]
[PlyCount "30"]
[EventDate "2014.10.06"]
[EventType "tourn"]
[EventRounds "9"]
[EventCountry "ARG"]
[EventCategory "7"]
[SourceTitle "EXT 2015"]
[Source "ChessBase"]
[SourceDate "2014.11.20"]
[SourceVersion "1"]
[SourceVersionDate "2014.11.20"]
[SourceQuality "1"]

1. d4 Nf6 2. Nf3 g6 3. g3 Bg7 4. Bg2 d5 5. O-O O-O 6. c3 c6 7. Bf4 Bf5 8. Qb3
Qb6 9. Nbd2 Ne4 10. Nxe4 Bxe4 11. Bh3 Bxf3 12. exf3 e6 13. Rfe1 Nd7 14. Bf1
Rfc8 15. Be3 Bf8 1/2-1/2

[Event "Mercosur Cup 18th"]
[Site "Buenos Aires"]
[Date "2014.10.14"]
[Round "8"]
[White "Supi, Luis Paulo"]
[Black "Cori Quispe, Kevin Joel"]
[Result "1/2-1/2"]
[WhiteElo "2384"]
[BlackElo "2278"]
[PlyCount "35"]
[EventDate "2014.10.06"]
[EventType "tourn"]
[EventRounds "9"]
[EventCountry "ARG"]
[EventCategory "7"]
[SourceTitle "EXT 2015"]
[Source "ChessBase"]
[SourceDate "2014.11.20"]
[SourceVersion "1"]
[SourceVersionDate "2014.11.20"]
[SourceQuality "1"]

1. d4 Nf6 2. Nf3 g6 3. c4 Bg7 4. Nc3 d5 5. h4 O-O 6. cxd5 Nxd5 7. h5 c5 8. hxg6
hxg6 9. Bh6 Bxh6 10. Rxh6 Nxc3 11. bxc3 cxd4 12. Qd2 Kg7 13. Rh4 Rh8 14. Rxh8
Qxh8 15. cxd4 Nd7 16. Qb4 Qd8 17. e4 Nf6 18. Bd3 1/2-1/2

[Event "Mercosur Cup 18th"]
[Site "Buenos Aires"]
[Date "2014.10.15"]
[Round "9"]
[White "Rodriguez Vila, Andres"]
[Black "Supi, Luis Paulo"]
[Result "1/2-1/2"]
[WhiteElo "2434"]
[BlackElo "2384"]
[PlyCount "82"]
[EventDate "2014.10.06"]
[EventType "tourn"]
[EventRounds "9"]
[EventCountry "ARG"]
[EventCategory "7"]
[SourceTitle "EXT 2015"]
[Source "ChessBase"]
[SourceDate "2014.11.20"]
[SourceVersion "1"]
[SourceVersionDate "2014.11.20"]
[SourceQuality "1"]

1. f4 Nf6 2. Nf3 g6 3. g3 Bg7 4. Bg2 O-O 5. O-O d5 6. d3 c5 7. Nc3 d4 8. Na4
Qa5 9. b3 Qc7 10. c4 Nfd7 11. Rb1 Nc6 12. a3 b6 13. b4 Bb7 14. Bd2 Rab8 15. Qc2
Ba8 16. Rb2 Rfe8 17. Rfb1 cxb4 18. axb4 e5 19. Ra2 Nd8 20. Nb2 e4 21. Nh4 e3
22. Be1 Bxg2 23. Nxg2 h5 24. Rba1 Ra8 25. Ra6 Nb8 26. R6a2 Bf6 27. Qa4 Nd7 28.
Qb5 Nc6 29. Ra6 Be7 30. c5 Rab8 31. Qc4 b5 32. Qd5 Rbc8 33. Nh4 Bxh4 34. gxh4
Ndb8 35. R6a3 Qxf4 36. Bg3 Qf5 37. Qxf5 gxf5 38. Rf1 Nxb4 39. Rxa7 Rxc5 40. Bd6
Rd5 41. Bxb4 Nc6 {Planilla ilegible, tablas en 54.} 1/2-1/2

[Event "Florianopolis op"]
[Site "Florianopolis"]
[Date "2015.01.14"]
[Round "1"]
[White "Castro Silva, Alex"]
[Black "Supi, Luis Paulo"]
[Result "0-1"]
[WhiteElo "1798"]
[BlackElo "2414"]
[PlyCount "29"]
[EventDate "2015.01.14"]
[EventType "swiss"]
[EventRounds "10"]
[EventCountry "BRA"]
[SourceTitle "CBM 164 Extra"]
[Source "ChessBase"]
[SourceDate "2015.03.02"]
[SourceVersion "1"]
[SourceVersionDate "2015.03.02"]
[SourceQuality "1"]

1. e4 c5 2. Nf3 e6 3. Nc3 a6 4. d4 cxd4 5. Nxd4 Qc7 6. Be2 b5 7. a3 Be7 8. O-O
Nf6 9. Bf3 d6 10. Re1 Bb7 11. e5 dxe5 12. Bxb7 Qxb7 13. Rxe5 O-O 14. Qf3 Qxf3
15. Nxf3 0-1

[Event "Florianopolis op"]
[Site "Florianopolis"]
[Date "2015.01.14"]
[Round "2"]
[White "Supi, Luis Paulo"]
[Black "Goncalves, Davi Sulzbacher"]
[Result "1/2-1/2"]
[WhiteElo "2414"]
[BlackElo "1983"]
[PlyCount "43"]
[EventDate "2015.01.14"]
[EventType "swiss"]
[EventRounds "10"]
[EventCountry "BRA"]
[SourceTitle "CBM 164 Extra"]
[Source "ChessBase"]
[SourceDate "2015.03.02"]
[SourceVersion "1"]
[SourceVersionDate "2015.03.02"]
[SourceQuality "1"]

1. d4 Nf6 2. c4 g6 3. Nc3 d5 4. cxd5 Nxd5 5. e4 Nxc3 6. bxc3 Bg7 7. Nf3 c5 8.
Be3 O-O 9. Be2 Qa5 10. O-O Nc6 11. d5 Ne5 12. Rb1 Nxf3+ 13. Bxf3 Bxc3 14. d6
exd6 15. Qxd6 Be6 16. Rxb7 Rac8 17. Bh6 Rfd8 18. Qe7 Re8 19. Qg5 Rb8 20. Rxb8
Rxb8 21. Qf4 Rc8 22. h4 1/2-1/2

[Event "Florianopolis op"]
[Site "Florianopolis"]
[Date "2015.01.15"]
[Round "3"]
[White "Alboredo, Julia"]
[Black "Supi, Luis Paulo"]
[Result "0-1"]
[WhiteElo "1995"]
[BlackElo "2414"]
[PlyCount "80"]
[EventDate "2015.01.14"]
[EventType "swiss"]
[EventRounds "10"]
[EventCountry "BRA"]
[SourceTitle "CBM 164 Extra"]
[Source "ChessBase"]
[SourceDate "2015.03.02"]
[SourceVersion "1"]
[SourceVersionDate "2015.03.02"]
[SourceQuality "1"]

1. e4 c5 2. Nf3 e6 3. d4 cxd4 4. Nxd4 a6 5. Bd3 Bc5 6. Nb3 Be7 7. O-O d6 8. Qe2
Nd7 9. f4 Qc7 10. c4 Ngf6 11. Nc3 b6 12. Bd2 Bb7 13. Rae1 Rd8 14. Bb1 O-O 15.
e5 Ne8 16. exd6 Bxd6 17. Ne4 Bxe4 18. Bxe4 Nef6 19. Bb1 Nc5 20. Nxc5 Bxc5+ 21.
Kh1 Rfe8 22. Bc3 Bd4 23. Rf3 Bxc3 24. bxc3 g6 25. Bc2 Rd6 26. Rd1 Rxd1+ 27.
Bxd1 Rd8 28. Rf1 Qd6 29. Bb3 Qc5 30. Rd1 Rxd1+ 31. Bxd1 Qd6 32. g3 h5 33. Bc2
Qc6+ 34. Kg1 Ng4 35. Qd3 Qc5+ 36. Qd4 Qa3 37. Qd8+ Kg7 38. Qd4+ Kh7 39. Bd1 Qc1
40. h3 Ne3 0-1

[Event "Florianopolis op"]
[Site "Florianopolis"]
[Date "2015.01.15"]
[Round "4"]
[White "Supi, Luis Paulo"]
[Black "Caetano, Hugo Zanotti Mendon"]
[Result "1-0"]
[WhiteElo "2414"]
[BlackElo "2215"]
[PlyCount "65"]
[EventDate "2015.01.14"]
[EventType "swiss"]
[EventRounds "10"]
[EventCountry "BRA"]
[SourceTitle "CBM 164 Extra"]
[Source "ChessBase"]
[SourceDate "2015.03.02"]
[SourceVersion "1"]
[SourceVersionDate "2015.03.02"]
[SourceQuality "1"]

1. d4 d5 2. c4 e6 3. Nc3 Nf6 4. cxd5 exd5 5. Bg5 Be7 6. e3 O-O 7. Bd3 c6 8. Qc2
Nbd7 9. Nf3 Re8 10. O-O h6 11. Bh4 Ne4 12. Bxe7 Qxe7 13. Rae1 Ndf6 14. Ne5 Nxc3
15. bxc3 c5 16. Qb2 c4 17. Bb1 Qc7 18. f3 Nd7 19. Nxd7 Bxd7 20. e4 Be6 21. Qc2
g6 22. Qd2 Kg7 23. Re3 Rad8 24. Qe2 Qd7 25. Re1 b5 26. exd5 Qxd5 27. Re5 Qb7
28. h4 h5 29. Bxg6 Kxg6 30. Rg5+ Kh7 31. Rxh5+ Kg7 32. Qd2 Kf8 33. Qg5 1-0

[Event "Florianopolis op"]
[Site "Florianopolis"]
[Date "2015.01.16"]
[Round "5"]
[White "Menna Barreto, Felipe Kubiaki"]
[Black "Supi, Luis Paulo"]
[Result "1/2-1/2"]
[WhiteElo "2247"]
[BlackElo "2414"]
[PlyCount "125"]
[EventDate "2015.01.14"]
[EventType "swiss"]
[EventRounds "10"]
[EventCountry "BRA"]
[SourceTitle "CBM 164 Extra"]
[Source "ChessBase"]
[SourceDate "2015.03.02"]
[SourceVersion "1"]
[SourceVersionDate "2015.03.02"]
[SourceQuality "1"]

1. Nf3 Nf6 2. c4 g6 3. Nc3 Bg7 4. e4 d6 5. d4 O-O 6. Be2 c5 7. O-O Re8 8. h3
cxd4 9. Nxd4 Nbd7 10. Be3 b6 11. Qc2 Bb7 12. Rfd1 Rc8 13. Rac1 a6 14. Qb1 e6
15. Nf3 Qc7 16. Bf4 Bf8 17. b4 Red8 18. a3 Qb8 19. Re1 Qa8 20. Bf1 Be7 21. Rcd1
Ne8 22. Qb3 Rc7 23. Be3 Rdc8 24. Rc1 Qb8 25. Bd3 Bf6 26. Ne2 Qa8 27. Ng3 Bg7
28. h4 h5 29. Ng5 Nef6 30. f3 Qb8 31. Ne2 Ba8 32. Nf4 Nf8 33. Bf1 Bc6 34. Rcd1
Rd7 35. Rd2 b5 36. Red1 Rcd8 37. cxb5 axb5 38. Rc1 Ba8 39. Qd3 Rb7 40. Rc6 d5
41. exd5 Nxd5 42. Rc5 Rbd7 43. Rxb5 Qe5 44. Nxd5 Rxd5 45. Rxd5 Rxd5 46. Qe2 Qc3
47. Rxd5 Bxd5 48. Qd3 Qb2 49. b5 Nd7 50. a4 Qb4 51. Qc2 Bd4 52. Bxd4 Qxd4+ 53.
Kh2 Qxh4+ 54. Nh3 Qe1 55. Bc4 Nb6 56. Bxd5 Nxd5 57. Qe4 Qc1 58. Qe5 Ne3 59. Ng5
Qe1 60. Qb8+ Kg7 61. Qe5+ Kg8 62. Qb8+ Kg7 63. Qe5+ 1/2-1/2

[Event "Florianopolis op"]
[Site "Florianopolis"]
[Date "2015.01.16"]
[Round "6"]
[White "Supi, Luis Paulo"]
[Black "Calcado, Acyr Rogerio"]
[Result "1-0"]
[WhiteElo "2414"]
[BlackElo "2133"]
[PlyCount "43"]
[EventDate "2015.01.14"]
[EventType "swiss"]
[EventRounds "10"]
[EventCountry "BRA"]
[SourceTitle "CBM 164 Extra"]
[Source "ChessBase"]
[SourceDate "2015.03.02"]
[SourceVersion "1"]
[SourceVersionDate "2015.03.02"]
[SourceQuality "1"]

1. d4 Nf6 2. c4 e6 3. Nc3 Bb4 4. e3 O-O 5. Nge2 d5 6. a3 Be7 7. cxd5 exd5 8.
Nf4 c6 9. Bd3 Nbd7 10. O-O Bd6 11. f3 Bxf4 12. exf4 Re8 13. Kh1 c5 14. Bc2 c4
15. f5 h6 16. g4 Qb6 17. Rg1 Kf8 18. Bf4 a6 19. Qd2 Qc6 20. h4 b5 21. Qh2 Ke7
22. g5 1-0

[Event "Florianopolis op"]
[Site "Florianopolis"]
[Date "2015.01.17"]
[Round "7"]
[White "Guimaraes, Diogo Duarte"]
[Black "Supi, Luis Paulo"]
[Result "0-1"]
[WhiteElo "2221"]
[BlackElo "2414"]
[PlyCount "82"]
[EventDate "2015.01.14"]
[EventType "swiss"]
[EventRounds "10"]
[EventCountry "BRA"]
[SourceTitle "CBM 164 Extra"]
[Source "ChessBase"]
[SourceDate "2015.03.02"]
[SourceVersion "1"]
[SourceVersionDate "2015.03.02"]
[SourceQuality "1"]

1. d4 Nf6 2. Bf4 c5 3. d5 Qb6 4. Nc3 g6 5. e4 Bg7 6. Nf3 O-O 7. Qd2 Qxb2 8. Rb1
Nxe4 9. Rxb2 Bxc3 10. Rb3 Bxd2+ 11. Nxd2 Nf6 12. c4 d6 13. Be2 a6 14. h4 h5 15.
f3 b5 16. g4 bxc4 17. Nxc4 Nbd7 18. Bh6 Re8 19. Kf2 a5 20. gxh5 Nxh5 21. Bd2
Ba6 22. f4 Ndf6 23. Nb6 Ra7 24. Bf3 a4 25. Rb2 Rb8 26. Rhb1 Bd3 27. Nd7 Rxb2
28. Nxf6+ Nxf6 29. Rxb2 Ne4+ 30. Bxe4 Bxe4 31. Bc3 f6 32. Rb8+ Kf7 33. Ke3 Bf5
34. Rb2 a3 35. Rh2 Ra4 36. h5 gxh5 37. Rxh5 Re4+ 38. Kf3 Rc4 39. Ba5 Bg6 40.
Rh8 Be4+ 41. Kg4 Bxd5 0-1